[Event "Turniej Blitza na II Lidze Juniorów 2018"]
[Site "Szczyrk, Poland"]
[Date "2018.07.26"]
[Round "1.13"]
[White "Pawlak, Emilia"]
[Black "Buraczewski, Rafal"]
[Result "0-1"]
[TimeControl "3'+2\""]
[WhiteElo "1319"]
[BlackElo "1927"]

1. e4 e6 2. d4 {[%clk 00:03:03]} d5 {[%clk 00:03:06]} 3. Nc3 {[%emt 00:00:02]}
Nf6 4. Bg5 {[%clk 00:03:05]} {[%emt 00:00:01]} Bb4 {[%clk 00:03:09]} {[%emt
00:00:01]} 5. e5 {[%clk 00:03:05]} {[%emt 00:00:02]} h6 {[%clk 00:03:10]} 6.
Be3 {[%clk 00:03:06]} Ne4 {[%clk 00:03:11]} 7. Qg4 {[%clk 00:03:05]} {[%emt
00:00:02]} Kf8 {[%clk 00:03:12]} {[%emt 00:00:02]} 8. a3 {[%clk 00:03:05]}
{[%emt 00:00:03]} Bxc3+ {[%clk 00:02:56]} {[%emt 00:00:18]} 9. bxc3 {[%clk
00:03:05]} {[%emt 00:00:01]} Nxc3 {[%clk 00:02:57]} 10. h4 {[%clk 00:03:03]}
{[%emt 00:00:04]} c5 {[%clk 00:02:51]} {[%emt 00:00:09]} 11. dxc5 {[%clk
00:02:44]} {[%emt 00:00:21]} Nc6 {[%clk 00:02:51]} {[%emt 00:00:01]} 12. f4
{[%clk 00:02:32]} {[%emt 00:00:14]} Ne4 {[%clk 00:02:50]} {[%emt 00:00:04]} 13.
Ne2 {[%clk 00:02:29]} {[%emt 00:00:05]} Qa5+ {[%clk 00:02:49]} {[%emt
00:00:03]} 14. Kd1 {[%clk 00:02:12]} {[%emt 00:00:18]} d4 {[%clk 00:02:42]}
{[%emt 00:00:10]} 15. Nxd4 {[%clk 00:01:17]} {[%emt 00:00:57]} Nxd4 {[%clk
00:02:27]} {[%emt 00:00:17]} 16. Bd3 {[%clk 00:01:14]} {[%emt 00:00:05]} Nf5
{[%clk 00:02:08]} {[%emt 00:00:20]} 17. Qf3 {[%clk 00:01:03]} {[%emt 00:00:13]}
Nxe3+ {[%clk 00:01:31]} {[%emt 00:00:40]} 18. Qxe3 {[%clk 00:01:00]} {[%emt
00:00:04]} Nxc5 {[%clk 00:01:27]} {[%emt 00:00:06]} 19. Ke2 {[%clk 00:00:35]}
{[%emt 00:00:27]} Nxd3 {[%clk 00:01:25]} {[%emt 00:00:05]} 20. cxd3 {[%clk
00:00:36]} {[%emt 00:00:01]} Bd7 {[%clk 00:01:24]} {[%emt 00:00:03]} 21. Rhd1
{[%clk 00:00:25]} {[%emt 00:00:13]} Bc6 {[%clk 00:01:24]} {[%emt 00:00:01]} 22.
g4 {[%clk 00:00:19]} {[%emt 00:00:08]} Qd5 {[%clk 00:01:25]} {[%emt 00:00:01]}
23. Rg1 {[%clk 00:00:14]} {[%emt 00:00:07]} Rd8 {[%clk 00:01:22]} {[%emt
00:00:05]} 24. Rad1 {[%clk 00:00:12]} {[%emt 00:00:04]} Qd4 {[%clk 00:01:18]}
{[%emt 00:00:06]} 25. f5 {[%clk 00:00:06]} {[%emt 00:00:09]} Qxe3+ {[%clk
00:01:06]} {[%emt 00:00:13]} 26. Kxe3 {[%clk 00:00:06]} {[%emt 00:00:02]} Rd5
{[%clk 00:01:05]} {[%emt 00:00:03]} 27. d4 {[%clk 00:00:06]} {[%emt 00:00:02]}
Ke7 {[%clk 00:01:04]} {[%emt 00:00:04]} 28. Rc1 {[%clk 00:00:04]} {[%emt
00:00:04]} Rhd8 {[%clk 00:01:04]} {[%emt 00:00:02]} 29. Rgd1 {[%clk 00:00:04]}
{[%emt 00:00:01]} Ra5 {[%clk 00:01:02]} {[%emt 00:00:04]} 30. Rc3 {[%clk
00:00:05]} {[%emt 00:00:01]} Rad5 {[%clk 00:00:50]} {[%emt 00:00:13]} 31. Rd2
{[%clk 00:00:05]} {[%emt 00:00:03]} f6 {[%clk 00:00:48]} {[%emt 00:00:04]} 32.
exf6+ {[%clk 00:00:03]} {[%emt 00:00:04]} gxf6 {[%clk 00:00:49]} {[%emt
00:00:02]} 33. fxe6 {[%clk 00:00:04]} {[%emt 00:00:01]} Kxe6 {[%clk 00:00:50]}
{[%emt 00:00:01]} 34. Kf4 {[%emt 00:00:04]} Rxd4+ {[%emt 00:00:11]} 35. Ke5+
{[%clk 00:03:02]} Kxe5 0-1

[Event "Turniej Blitza na II Lidze Juniorów 2018"]
[Site "Szczyrk, Poland"]
[Date "2018.07.26"]
[Round "1.38"]
[White "Kawaler, Adam"]
[Black "Jedrzejewska, Zuzanna"]
[Result "1-0"]
[TimeControl "3'+2\""]
[WhiteElo "1602"]
[BlackElo "1194"]

1. d4 {[%emt 00:00:02]} d5 {[%clk 00:03:04]} 2. Nf3 {[%clk 00:03:03]} e6 {[%clk
00:03:05]} {[%emt 00:00:01]} 3. c4 {[%clk 00:03:04]} dxc4 {[%clk 00:03:05]}
{[%emt 00:00:01]} 4. e3 {[%clk 00:03:05]} {[%emt 00:00:01]} b5 {[%clk
00:03:05]} {[%emt 00:00:03]} 5. a4 {[%clk 00:02:57]} {[%emt 00:00:09]} c6
{[%clk 00:03:04]} {[%emt 00:00:03]} 6. axb5 {[%clk 00:02:58]} {[%emt 00:00:02]}
cxb5 {[%clk 00:03:05]} 7. b3 {[%clk 00:02:57]} {[%emt 00:00:03]} cxb3 {[%clk
00:03:01]} {[%emt 00:00:06]} 8. Qxb3 {[%clk 00:02:54]} {[%emt 00:00:06]} Bd7
{[%clk 00:03:01]} 9. Bxb5 {[%clk 00:02:54]} {[%emt 00:00:02]} Bxb5 {[%clk
00:03:02]} 10. Qxb5+ {[%clk 00:02:55]} {[%emt 00:00:01]} Nd7 {[%clk 00:03:03]}
11. O-O {[%clk 00:02:41]} {[%emt 00:00:16]} Ngf6 {[%clk 00:03:04]} 12. Bd2
{[%clk 00:02:04]} {[%emt 00:00:38]} Be7 {[%clk 00:03:03]} {[%emt 00:00:04]} 13.
Ba5 {[%clk 00:02:00]} {[%emt 00:00:06]} Qb8 {[%clk 00:03:03]} {[%emt 00:00:02]}
14. Nc3 {[%clk 00:01:51]} {[%emt 00:00:11]} O-O {[%clk 00:03:00]} {[%emt
00:00:05]} 15. Rfb1 {[%clk 00:01:46]} {[%emt 00:00:07]} Qxb5 {[%clk 00:02:57]}
{[%emt 00:00:06]} 16. Rxb5 {[%clk 00:01:33]} {[%emt 00:00:14]} a6 {[%clk
00:02:53]} {[%emt 00:00:05]} 17. Rb7 {[%clk 00:01:29]} {[%emt 00:00:06]} Rfc8
{[%clk 00:02:52]} {[%emt 00:00:04]} 18. h3 {[%clk 00:01:27]} {[%emt 00:00:04]}
Rab8 {[%clk 00:02:45]} {[%emt 00:00:09]} 19. Rab1 {[%clk 00:01:26]} {[%emt
00:00:04]} Rxb7 {[%clk 00:02:41]} {[%emt 00:00:05]} 20. Rxb7 {[%clk 00:01:27]}
Ra8 {[%clk 00:02:40]} {[%emt 00:00:03]} 21. Ne5 {[%clk 00:01:25]} {[%emt
00:00:04]} Nxe5 {[%clk 00:02:39]} {[%emt 00:00:03]} 22. dxe5 {[%clk 00:01:27]}
{[%emt 00:00:01]} Bb4 {[%clk 00:02:17]} {[%emt 00:00:24]} 23. Bxb4 {[%clk
00:01:20]} {[%emt 00:00:09]} Nd5 {[%clk 00:02:15]} {[%emt 00:00:03]} 24. Nxd5
{[%clk 00:01:20]} {[%emt 00:00:02]} exd5 {[%clk 00:02:16]} 25. Bd6 {[%clk
00:01:22]} {[%emt 00:00:01]} a5 {[%clk 00:02:15]} {[%emt 00:00:04]} 26. Rb8+
{[%clk 00:01:23]} {[%emt 00:00:01]} Rxb8 {[%clk 00:02:15]} {[%emt 00:00:02]} 27.
Bxb8 {[%clk 00:01:24]} a4 {[%clk 00:02:15]} {[%emt 00:00:02]} 28. Bd6 {[%clk
00:01:25]} {[%emt 00:00:01]} g6 {[%clk 00:02:15]} {[%emt 00:00:02]} 29. Kf1
{[%clk 00:01:27]} h5 {[%clk 00:02:16]} {[%emt 00:00:02]} 30. Ke2 {[%clk
00:01:28]} Kg7 {[%clk 00:02:10]} {[%emt 00:00:08]} 31. Kd3 {[%clk 00:01:30]} f5
{[%clk 00:02:06]} {[%emt 00:00:06]} 32. Kd4 {[%clk 00:01:23]} {[%emt 00:00:09]}
Kf7 {[%clk 00:02:05]} {[%emt 00:00:03]} 33. Kxd5 {[%clk 00:01:24]} {[%emt
00:00:01]} Ke8 {[%clk 00:02:05]} {[%emt 00:00:02]} 34. e6 {[%clk 00:01:24]}
{[%emt 00:00:02]} g5 {[%clk 00:02:04]} {[%emt 00:00:03]} 35. f3 {[%clk
00:01:21]} {[%emt 00:00:05]} g4 {[%clk 00:02:03]} {[%emt 00:00:04]} 36. fxg4
{[%clk 00:01:17]} {[%emt 00:00:05]} hxg4 {[%clk 00:02:04]} {[%emt 00:00:02]} 37.
h4 {[%clk 00:01:18]} g3 {[%clk 00:02:05]} {[%emt 00:00:01]} 38. h5 {[%clk
00:01:19]} {[%emt 00:00:01]} a3 {[%clk 00:02:05]} {[%emt 00:00:01]} 39. Bxa3
{[%clk 00:01:17]} {[%emt 00:00:04]} f4 {[%clk 00:02:06]} {[%emt 00:00:01]} 40.
h6 {[%clk 00:01:15]} {[%emt 00:00:05]} fxe3 {[%clk 00:02:00]} {[%emt 00:00:08]}
41. h7 {[%clk 00:01:16]} Kd8 {[%clk 00:02:01]} {[%emt 00:00:01]} 42. h8=Q+
{[%clk 00:01:15]} {[%emt 00:00:03]} Kc7 {[%clk 00:02:01]} {[%emt 00:00:01]} 43.
Bd6+ {[%clk 00:01:16]} {[%emt 00:00:02]} Kb6 {[%clk 00:02:02]} 44. Qb8+ {[%clk
00:01:17]} {[%emt 00:00:01]} Ka5 {[%clk 00:02:02]} {[%emt 00:00:01]} 45. Bc5
{[%clk 00:01:15]} {[%emt 00:00:04]} Ka4 {[%clk 00:02:03]} {[%emt 00:00:01]} 46.
Qb4# {[%clk 00:01:16]} {[%emt 00:00:01]} 1-0

[Event "Turniej Blitza na II Lidze Juniorów 2018"]
[Site "Szczyrk, Poland"]
[Date "2018.07.26"]
[Round "1.41"]
[White "Taranowicz, Zofia"]
[Black "Poltorak, Sebastian"]
[Result "0-1"]
[TimeControl "3'+2\""]
[WhiteElo "1175"]
[BlackElo "1594"]

1. d4 {[%clk 00:03:02]} {[%emt 00:00:02]} Nf6 {[%clk 00:03:03]} {[%emt
00:00:01]} 2. Nf3 {[%clk 00:03:03]} {[%emt 00:00:01]} e6 {[%clk 00:03:05]}
{[%emt 00:00:01]} 3. Bf4 {[%clk 00:03:02]} {[%emt 00:00:03]} c5 {[%clk
00:03:05]} {[%emt 00:00:01]} 4. e3 {[%clk 00:03:02]} {[%emt 00:00:02]} b6
{[%clk 00:03:06]} {[%emt 00:00:02]} 5. Be2 {[%clk 00:02:57]} {[%emt 00:00:06]}
Bb7 {[%clk 00:03:07]} {[%emt 00:00:01]} 6. Nbd2 {[%clk 00:02:51]} {[%emt
00:00:08]} d6 {[%clk 00:03:08]} {[%emt 00:00:02]} 7. dxc5 {[%clk 00:02:35]}
{[%emt 00:00:17]} bxc5 {[%clk 00:03:09]} {[%emt 00:00:02]} 8. O-O {[%clk
00:02:28]} {[%emt 00:00:08]} Nc6 {[%clk 00:03:09]} {[%emt 00:00:02]} 9. c3
{[%clk 00:02:00]} {[%emt 00:00:30]} Be7 {[%clk 00:03:09]} {[%emt 00:00:03]} 10.
Qc2 {[%clk 00:01:50]} {[%emt 00:00:11]} O-O {[%clk 00:03:08]} {[%emt 00:00:03]}
11. e4 {[%clk 00:01:45]} {[%emt 00:00:07]} e5 {[%clk 00:03:08]} {[%emt
00:00:03]} 12. Bg5 {[%clk 00:01:43]} {[%emt 00:00:03]} h6 {[%clk 00:03:07]}
{[%emt 00:00:03]} 13. Bxf6 {[%clk 00:01:43]} {[%emt 00:00:02]} Bxf6 {[%clk
00:03:08]} {[%emt 00:00:01]} 14. Rfd1 {[%clk 00:01:39]} {[%emt 00:00:06]} Qc7
{[%clk 00:03:02]} {[%emt 00:00:09]} 15. a3 {[%clk 00:01:29]} {[%emt 00:00:12]}
g6 {[%clk 00:02:55]} {[%emt 00:00:09]} 16. Rac1 {[%clk 00:01:25]} {[%emt
00:00:05]} Be7 {[%clk 00:02:52]} {[%emt 00:00:05]} 17. b4 {[%clk 00:01:24]}
{[%emt 00:00:03]} f5 {[%clk 00:02:32]} {[%emt 00:00:22]} 18. b5 {[%clk
00:01:10]} {[%emt 00:00:17]} Nd8 {[%clk 00:02:33]} 19. exf5 {[%clk 00:00:50]}
{[%emt 00:00:21]} gxf5 {[%clk 00:02:34]} {[%emt 00:00:02]} 20. Nb3 {[%clk
00:00:29]} {[%emt 00:00:23]} Be4 {[%clk 00:02:31]} {[%emt 00:00:05]} 21. Qd2
{[%clk 00:00:24]} {[%emt 00:00:05]} Kg7 {[%clk 00:02:12]} {[%emt 00:00:22]} 22.
Ne1 {[%clk 00:00:25]} Bg5 {[%clk 00:02:11]} {[%emt 00:00:03]} 23. Qb2 {[%clk
00:00:19]} {[%emt 00:00:08]} Bxc1 {[%clk 00:02:11]} {[%emt 00:00:02]} 24. Rxc1
{[%clk 00:00:20]} {[%emt 00:00:02]} Ne6 {[%clk 00:02:04]} {[%emt 00:00:09]} 25.
Qd2 {[%clk 00:00:18]} {[%emt 00:00:03]} Nf4 {[%clk 00:02:02]} {[%emt 00:00:04]}
26. g3 {[%clk 00:00:11]} {[%emt 00:00:09]} Nh3+ {[%clk 00:01:50]} {[%emt
00:00:14]} 27. Kf1 {[%clk 00:00:08]} {[%emt 00:00:05]} f4 {[%clk 00:01:51]}
{[%emt 00:00:01]} 28. g4 {[%clk 00:00:06]} {[%emt 00:00:05]} f3 {[%clk
00:01:46]} {[%emt 00:00:07]} 29. Bd3 {[%clk 00:00:05]} {[%emt 00:00:02]} Bxd3+
{[%clk 00:01:40]} {[%emt 00:00:08]} 30. Qxd3 {[%clk 00:00:06]} {[%emt
00:00:02]} c4 {[%clk 00:01:39]} {[%emt 00:00:02]} 31. Qd5 {[%clk 00:00:06]}
{[%emt 00:00:02]} cxb3 {[%clk 00:01:39]} {[%emt 00:00:03]} 32. Rd1 {[%emt
00:00:06]} 0-1

[Event "Turniej Blitza na II Lidze Juniorów 2018"]
[Site "Szczyrk, Poland"]
[Date "2018.07.26"]
[Round "1.30"]
[White "Sadzikowski, Marian"]
[Black "Dahche, Abdel-Azziz"]
[Result "1-0"]
[TimeControl "3'+2\""]
[WhiteElo "1706"]
[BlackElo "1222"]

1. e4 {[%clk 00:03:04]} {[%emt 00:07:51]} c5 {[%clk 00:03:02]} {[%emt
00:00:02]} 2. f4 {[%clk 00:03:05]} Nc6 {[%clk 00:02:54]} {[%emt 00:00:10]} 3.
Nf3 {[%clk 00:03:06]} d6 {[%clk 00:02:52]} {[%emt 00:00:04]} 4. Bb5 {[%clk
00:03:07]} {[%emt 00:00:01]} Bd7 {[%clk 00:02:53]} 5. O-O {[%clk 00:03:04]}
{[%emt 00:00:04]} a6 {[%clk 00:02:22]} {[%emt 00:00:34]} 6. Be2 {[%clk
00:03:00]} {[%emt 00:00:05]} Nf6 {[%clk 00:02:16]} {[%emt 00:00:07]} 7. d3
{[%clk 00:03:01]} {[%emt 00:00:01]} g6 {[%clk 00:02:17]} {[%emt 00:00:02]} 8.
c3 {[%clk 00:03:02]} Bg7 {[%clk 00:02:18]} {[%emt 00:00:01]} 9. Qe1 {[%clk
00:03:03]} Qb6 {[%clk 00:02:09]} {[%emt 00:00:10]} 10. Kh1 {[%clk 00:03:03]}
{[%emt 00:00:02]} h5 {[%clk 00:02:04]} {[%emt 00:00:07]} 11. Na3 {[%clk
00:03:04]} {[%emt 00:00:02]} Qa7 {[%clk 00:01:58]} {[%emt 00:00:08]} 12. Be3
{[%clk 00:02:46]} {[%emt 00:00:19]} Ng4 {[%clk 00:01:56]} {[%emt 00:00:04]} 13.
Bg1 {[%clk 00:02:45]} {[%emt 00:00:03]} e5 {[%clk 00:01:21]} {[%emt 00:00:37]}
14. h3 {[%clk 00:02:31]} {[%emt 00:00:17]} exf4 {[%emt 00:00:02]} 15. Ng5
{[%clk 00:02:21]} {[%emt 00:00:11]} Ne3 {[%clk 00:01:21]} {[%emt 00:00:03]} 16.
Bxe3 {[%clk 00:02:05]} {[%emt 00:00:17]} fxe3 {[%clk 00:01:22]} 17. Nxf7 {[%clk
00:01:57]} {[%emt 00:00:10]} Qb8 {[%clk 00:00:14]} {[%emt 00:01:11]} 18. Nc4
{[%clk 00:01:49]} {[%emt 00:00:10]} Be5 {[%clk 00:00:10]} {[%emt 00:00:06]} 19.
Nxh8 {[%clk 00:01:44]} {[%emt 00:00:07]} Bxh8 {[%clk 00:00:11]} {[%emt
00:00:01]} 20. Qh4 {[%clk 00:01:40]} {[%emt 00:00:06]} b5 {[%clk 00:00:12]}
{[%emt 00:00:01]} 21. Na3 {[%clk 00:01:31]} {[%emt 00:00:11]} Be5 {[%clk
00:00:05]} {[%emt 00:00:08]} 22. Qg5 {[%clk 00:01:27]} {[%emt 00:00:06]} Ne7
{[%emt 00:00:06]} 23. Rf3 {[%emt 00:00:11]} d5 {[%emt 00:00:02]} 24. Raf1
{[%emt 00:00:03]} 1-0

[Event "Turniej Blitza na II Lidze Juniorów 2018"]
[Site "Szczyrk, Poland"]
[Date "2018.07.26"]
[Round "1.65"]
[White "Musial, Kamila"]
[Black "Tadych, Szymon"]
[Result "0-1"]
[TimeControl "3'+2\""]
[WhiteElo "1045"]
[BlackElo "1437"]

1. e4 {[%clk 00:03:02]} {[%emt 00:00:01]} e5 {[%clk 00:03:03]} {[%emt
00:00:01]} 2. d3 {[%clk 00:03:04]} {[%emt 00:00:02]} Nf6 {[%clk 00:03:03]}
{[%emt 00:00:01]} 3. Nf3 {[%clk 00:03:04]} {[%emt 00:00:02]} Nc6 {[%clk
00:03:04]} 4. Nc3 {[%clk 00:03:04]} {[%emt 00:00:02]} Bb4 {[%clk 00:03:04]}
{[%emt 00:00:02]} 5. Bd2 {[%clk 00:03:05]} {[%emt 00:00:02]} d6 {[%clk
00:03:04]} {[%emt 00:00:01]} 6. Be2 {[%clk 00:03:05]} {[%emt 00:00:01]} O-O
{[%clk 00:03:04]} {[%emt 00:00:02]} 7. O-O {[%clk 00:03:05]} {[%emt 00:00:02]}
Be6 {[%clk 00:03:05]} {[%emt 00:00:01]} 8. b3 {[%clk 00:03:05]} {[%emt
00:00:03]} h6 {[%clk 00:03:02]} {[%emt 00:00:04]} 9. Na4 {[%clk 00:02:55]}
{[%emt 00:00:13]} Bxd2 {[%clk 00:03:00]} {[%emt 00:00:04]} 10. Qxd2 {[%clk
00:02:55]} {[%emt 00:00:02]} Ne7 {[%clk 00:02:57]} {[%emt 00:00:04]} 11. Nc3
{[%clk 00:02:50]} {[%emt 00:00:09]} Ng6 {[%clk 00:02:56]} {[%emt 00:00:01]} 12.
g3 {[%clk 00:02:46]} {[%emt 00:00:07]} c6 {[%clk 00:02:50]} {[%emt 00:00:08]}
13. a4 {[%clk 00:02:29]} {[%emt 00:00:19]} Re8 {[%clk 00:02:49]} {[%emt
00:00:03]} 14. Rfe1 {[%clk 00:02:29]} {[%emt 00:00:02]} d5 {[%clk 00:02:42]}
{[%emt 00:00:08]} 15. exd5 {[%clk 00:02:12]} {[%emt 00:00:18]} Nxd5 {[%clk
00:02:31]} {[%emt 00:00:14]} 16. Nxd5 {[%clk 00:02:04]} {[%emt 00:00:10]} cxd5
{[%clk 00:02:31]} {[%emt 00:00:03]} 17. d4 {[%clk 00:02:00]} {[%emt 00:00:06]}
e4 {[%clk 00:02:31]} {[%emt 00:00:02]} 18. Ne5 {[%clk 00:01:57]} {[%emt
00:00:05]} Nxe5 {[%clk 00:02:30]} {[%emt 00:00:03]} 19. dxe5 {[%clk 00:01:57]}
{[%emt 00:00:02]} Qc7 {[%clk 00:02:24]} {[%emt 00:00:08]} 20. Bb5 {[%clk
00:01:48]} {[%emt 00:00:11]} Red8 {[%clk 00:02:17]} {[%emt 00:00:08]} 21. Qd4
{[%clk 00:01:37]} {[%emt 00:00:14]} a6 {[%clk 00:02:14]} {[%emt 00:00:05]} 22.
Bf1 {[%clk 00:01:32]} {[%emt 00:00:07]} Qxc2 {[%clk 00:02:12]} {[%emt
00:00:04]} 23. Re3 {[%clk 00:01:21]} {[%emt 00:00:13]} Qc6 {[%clk 00:02:02]}
{[%emt 00:00:11]} 24. f3 {[%clk 00:01:15]} {[%emt 00:00:08]} exf3 {[%clk
00:01:58]} {[%emt 00:00:06]} 25. Rxf3 {[%clk 00:01:13]} {[%emt 00:00:05]} Rac8
{[%clk 00:01:59]} 26. Rc3 {[%clk 00:01:02]} {[%emt 00:00:13]} Qxc3 {[%clk
00:01:58]} {[%emt 00:00:03]} 27. Qxc3 {[%clk 00:00:54]} {[%emt 00:00:10]} Rxc3
{[%clk 00:01:58]} {[%emt 00:00:02]} 28. Bg2 {[%clk 00:00:44]} {[%emt 00:00:12]}
Rdc8 {[%clk 00:01:55]} {[%emt 00:00:04]} 29. Rd1 {[%clk 00:00:38]} {[%emt
00:00:09]} Rxb3 {[%clk 00:01:54]} {[%emt 00:00:02]} 30. Bxd5 {[%clk 00:00:35]}
{[%emt 00:00:06]} Rd8 {[%clk 00:01:51]} {[%emt 00:00:04]} 31. Re1 {[%clk
00:00:24]} {[%emt 00:00:14]} Rxd5 {[%clk 00:01:50]} {[%emt 00:00:03]} 32. h4
{[%clk 00:00:14]} {[%emt 00:00:12]} Rxg3+ {[%clk 00:01:49]} {[%emt 00:00:02]}
33. Kh2 {[%clk 00:00:15]} {[%emt 00:00:02]} Rh3+ {[%clk 00:01:50]} {[%emt
00:00:01]} 34. Kg2 {[%clk 00:00:15]} {[%emt 00:00:02]} Rd2+ {[%clk 00:01:50]}
{[%emt 00:00:02]} 35. Kf1 {[%clk 00:00:14]} {[%emt 00:00:02]} Rg3 {[%clk
00:01:46]} {[%emt 00:00:06]} 36. Re2 {[%clk 00:00:07]} {[%emt 00:00:11]} Bc4
{[%clk 00:01:45]} {[%emt 00:00:02]} 37. Ke1 {[%clk 00:00:07]} {[%emt 00:00:02]}
Rxe2+ {[%clk 00:01:44]} {[%emt 00:00:03]} 38. Kd1 {[%clk 00:00:08]} {[%emt
00:00:01]} Rg1# {[%emt 00:00:01]} 0-1

[Event "Turniej Blitza na II Lidze Juniorów 2018"]
[Site "Szczyrk, Poland"]
[Date "2018.07.26"]
[Round "1.10"]
[White "Pniaczek, Marek"]
[Black "Szopa, Emilia"]
[Result "1-0"]
[TimeControl "3'+2\""]
[WhiteTitle "CM"]
[WhiteElo "1995"]
[BlackElo "1323"]

1. e4 {[%emt 00:02:39]} e5 {[%emt 00:00:01]} 2. Nf3 Nc6 3. Bc4 Bc5 4. O-O
{[%emt 00:00:02]} Nf6 {[%emt 00:00:01]} 5. d4 {[%emt 00:00:01]} exd4 {[%emt
00:00:02]} 6. e5 d5 {[%emt 00:00:02]} 7. exf6 dxc4 {[%emt 00:00:02]} 8. Re1+
Be6 {[%emt 00:00:02]} 9. Ng5 Qd5 {[%emt 00:00:02]} 10. Nc3 {[%emt 00:00:03]}
Qd6 {[%emt 00:00:03]} 11. Nxe6 {[%emt 00:00:39]} fxe6 {[%emt 00:00:03]} 12. Ne4
{[%emt 00:00:08]} Qd5 {[%emt 00:00:09]} 13. fxg7 {[%emt 00:00:02]} Rg8 {[%emt
00:00:03]} 14. Nf6+ {[%emt 00:00:01]} Ke7 {[%emt 00:00:01]} 15. Nxd5+ {[%emt
00:00:01]} Kd6 {[%emt 00:00:02]} 16. Nf6 {[%emt 00:00:07]} Rxg7 {[%emt
00:00:05]} 17. Ne4+ Kd5 {[%emt 00:00:04]} 18. Qf3 {[%emt 00:00:01]} e5 {[%emt
00:00:14]} 19. Bh6 {[%emt 00:00:17]} Re7 {[%emt 00:00:09]} 20. Bg5 {[%emt
00:00:15]} Rg7 {[%emt 00:00:13]} 21. Nc3+ {[%emt 00:00:02]} Kd6 {[%emt
00:00:06]} 22. Qd5# {[%emt 00:00:01]} Kxd5 {[%emt 00:00:06]} 1-0